| 000 | 00498nmm a2200169Ia 4500 | ||
|---|---|---|---|
| 008 | 251105s9999||||xx |||||||||||||||||und|| | ||
| 020 | _a9788496582392 | ||
| 041 | _aspa | ||
| 100 | _aGarcía Borrero, Juan Antonio | ||
| 245 | 0 |
_aCine cubano de los sesenta : _b mito y realidad |
|
| 264 |
_a[Madrid, España] : _bOcho y Medio, _c2007 |
||
| 300 | _a430 páginas | ||
| 490 | _aLibros de ultramar | ||
| 650 | _aFilm studies | ||
| 856 | _uhttps://public.digitaliapublishing.com/a/329 | ||
| 942 | _cCF | ||
| 999 |
_c90009 _d90009 |
||